Archive - Gedächtnis der Menschheit
| Titel: | Archive - Gedächtnis der Menschheit : Archive der Region stellen sich vor : Begleitband zur Sonderausstellung "Archive - Gedächtnis der Menschheit, Archive der Region stellen sich vor", 25. September bis 2. November 2025 / Herausgabe und Leitung Dr. Frank Verse |
|---|---|
| Beteiligt: | |
| Körperschaft: | |
| Veröffentlicht: | Fulda : Vonderau Museum, [2025] |
| Umfang: | 39 Seiten ; 24 cm, 200 g |
| Format: | Buch |
| Sprache: | Deutsch |
| Schriftenreihe/ mehrbändiges Werk: |
Vonderau Museum Fulda - Kataloge ; Band 64 |
| RVK-Notation: | |
| ISBN: | 9783947889037 |
| Hinweise zum Inhalt: |
Inhaltstext
Inhaltsverzeichnis Inhaltstext |
alg: 53426641 001A $00066:13-10-25 001B $03005:02-12-25 $t11:49:50.000 001D $00066:13-10-25 001U $0utf8 001X $00 002@ $0Aau 002C $aText $btxt $2rdacontent 002C $aunbewegtes Bild $bsti $2rdacontent 002D $aohne Hilfsmittel zu benutzen $bn $2rdamedia 002E $aBand $bnc $2rdacarrier 003@ $053426641X 003O $01557953631 $aOCoLC 004A $A978-3-947889-03-7 004K $09783947889037 006G $01378409973 006T $025,N42 006U $025,B45 $f20251007 007A $053426641X $aHEB 009P $qtext/html $A2 $3Inhaltstext $uhttps://deposit.dnb.de/cgi-bin/dokserv?id=b9ac51180ab9420cac357c7d085f83ea $mX:MVB 009P $qapplication/pdf $A2 $3Inhaltsverzeichnis $uhttps://d-nb.info/1378409973/04 $mB:DE-101 009P $qtext/html $3Inhaltstext $uhttps://deposit.dnb.de/cgi-bin/dokserv?id=9c75fdce7ec7421388e62a4d6c1d5d09 $mX:MVB 010@ $ager 010E $erda 011@ $a2025 $n[2025] 011F $n© 2025 013D $RKatalog $#Exhibition catalogs $#Expositions $#Cataloghi di esposizioni $#Ausstellungskatalog $74135467-9 $8Ausstellungskatalog [Tsz] $xVonderau Museum $9085499846 $y25.09.2025-02.11.2025 $zFulda 021A $aArchive - Gedächtnis der Menschheit $dArchive der Region stellen sich vor : Begleitband zur Sonderausstellung "Archive - Gedächtnis der Menschheit, Archive der Region stellen sich vor", 25. September bis 2. November 2025 $hHerausgabe und Leitung Dr. Frank Verse 028C $BHerausgeber $4edt $7171936647 $8Verse, Frank$Z1967- [Tp1] $9288692594 029F $BVeranstalter $#Vonderau Museum Fulda $#Vonderau-Museum $#VonderauMuseum $#Regional-Museum Fulda $#Museum Fulda $4orm $73001096-2 $8Vonderau Museum [Tb1] $9043938620 033A $pFulda $nVonderau Museum 034D $a39 Seiten 034I $a24 cm, 200 g 036E $aVonderau Museum Fulda - Kataloge $lBand 64 044K $RKulturveranstaltung $RMarkenwelt $#Exhibitions $#Expositions $#Esposizioni $#Exposiciones $#exhibitions $#Exhibition $#Ausstellung $#Ausstellungs- und Messewesen $#Ausstellung $#Sonderausstellung $#Ausstellungen $74129601-1 $8Ausstellung [Ts1] $9085454761 044K $#Fulda (Stadt) $#Stadt Fulda $#Fuldae $#Fuldense Coenobium $#Fuldinsis $74018859-0 $8Fulda [Tg1] $9085044652 044K $#Vonderau Museum Fulda $#Vonderau-Museum $#VonderauMuseum $#Regional-Museum Fulda $#Museum Fulda $73001096-2 $8Vonderau Museum [Tb1] $9043938620 044K $RArchivkunde $RArchivalien $RArchivar $RKulturelle Einrichtung $#Archives $#Archives $#Archivos $#Archiv $#Archiv $#Elektronisches Archiv $#Archivwesen $#Archive $74002859-8 $8Archiv [Ts1] $9084999330 045E $c020 045Z $8LI 99999 [Tkv] $9409939021 046X $aArchivierung/Langzeitarchivierung gewährleistet $5DE-66 $fPEHE lok: 53426641 21 101B $013-10-25 $t09:53:12.000 101C $013-10-25 101U $0utf8 145Z/01 $aFulda Ae 331 Verse, Frank 145Z/02 $aFulda Ae 331 Vonderau Museum exp: 53426641 21 1 #EPN 201B/01 $013-10-25 $t09:53:12.000 201C/01 $013-10-25 201U/01 $0utf8 203@/01 $01319882137 208@/01 $a13-10-25 $bz 209A/01 $a4o Fuld 42/34/505 (64) $di $f100 $x00 209B/01 $a10041 $x05 209B/01 $a10050 $x06 209B/01 $a10040 $x07 209C/01 $a2025 : akz 209G/01 $a55951004 $x00 209G/01 $aMagazin $x01 247C/01 $8640100-4 <66>Fulda, Hochschul-, Landes- und Stadtbibliothek Fulda, Standort Heinrich-von-Bibra-Platz $9102599599 exp: 53426641 21 2 #EPN 201B/02 $013-10-25 $t09:53:12.000 201C/02 $013-10-25 201U/02 $0utf8 203@/02 $01319882145 208@/02 $a13-10-25 $bz 209A/02 $a4o Fuld 42/34/505 a (64) $du $f100 $x00 209B/02 $a10041 $x05 209B/02 $a10050 $x06 209C/02 $a2025 : akz 209G/02 $a55950466 $x00 209G/02 $aMagazin $x01 247C/02 $8640100-4 <66>Fulda, Hochschul-, Landes- und Stadtbibliothek Fulda, Standort Heinrich-von-Bibra-Platz $9102599599 lok: 53426641 59 exp: 53426641 59 1 #EPN 201B/01 $002-12-25 $t11:49:50.000 201C/01 $002-12-25 201U/01 $0utf8 203@/01 $01327907941 208@/01 $a02-12-25 $bz 209A/01 $aAD 100.99 $ds $f106 $x00 209C/01 $a2025/171 209C/01 $anel2512 247C/01 $8358106-8Marburg, Bibliothek der Archivschule Marburg $910260097X lok: 53426641 76 exp: 53426641 76 1 #EPN 201B/01 $016-01-26 $t11:15:00.000 201C/01 $006-11-25 201U/01 $0utf8 203@/01 $0132155222X 208@/01 $a06-11-25 $bz 209A/01 $aFul Bh 9 $du $f000 $hFul Bh 9 $x00 209C/01 $a2025:1944 K $h2025 1944 K 209G/01 $aFUL2$1544213 $x00 209G/01 $aLesesaal: Galerie $x01 247C/01 $8648002-0 Fulda, Bibliothek des Bischöflichen Priesterseminars $9320103366 lok: 53426641 105 exp: 53426641 105 1 #EPN 201B/01 $019-01-26 $t16:18:12.000 201C/01 $019-01-26 201U/01 $0utf8 203@/01 $01332369901 208@/01 $a19-01-26 $be 209A/01 $a/ $f106 $x00 237A/01 $aSignatur Archivschule Marburg: AD 100.99 245Z/01 $a3.10.02. $bArchivwesen des Bundes- und der deutschen Bundesländer / Hessen / Archive und Archivbestände $x03 247C/01 $8->Marburg, Bibliographie zum Archivwesen der Archivschule Marburg $939588196X
| LEADER | 00000cam a2200000 c 4500 | ||
|---|---|---|---|
| 001 | 53426641X | ||
| 003 | DE-603 | ||
| 005 | 20251202114950.0 | ||
| 007 | tu | ||
| 008 | 251013s2025 xx |||| | u00||u|ger | ||
| 015 | |a 25,B45 |z 25,N42 |2 dnb | ||
| 016 | 7 | |2 DE-101 |a 1378409973 | |
| 020 | |a 9783947889037 | ||
| 024 | 3 | |a 9783947889037 | |
| 035 | |a (DE-599)HEB53426641X | ||
| 035 | |a (OCoLC)1557953631 | ||
| 040 | |a DE-603 |b ger |c DE-603 |d DE-603 |e rda | ||
| 041 | |a ger | ||
| 084 | |a 020 |q DE-101 |2 sdnb | ||
| 084 | |a LI 99999 |0 (DE-625)97471: |0 (DE-603)409939021 |2 rvk | ||
| 245 | 0 | 0 | |a Archive - Gedächtnis der Menschheit |b Archive der Region stellen sich vor : Begleitband zur Sonderausstellung "Archive - Gedächtnis der Menschheit, Archive der Region stellen sich vor", 25. September bis 2. November 2025 |c Herausgabe und Leitung Dr. Frank Verse |
| 264 | 1 | |a Fulda |b Vonderau Museum |c [2025] | |
| 264 | 4 | |c © 2025 | |
| 300 | |a 39 Seiten |c 24 cm, 200 g | ||
| 336 | |a Text |b txt |2 rdacontent | ||
| 336 | |a unbewegtes Bild |b sti |2 rdacontent | ||
| 337 | |a ohne Hilfsmittel zu benutzen |b n |2 rdamedia | ||
| 338 | |a Band |b nc |2 rdacarrier | ||
| 490 | 0 | |a Vonderau Museum Fulda - Kataloge |v Band 64 | |
| 610 | 1 | 7 | |a Vonderau Museum |2 gnd |0 (DE-588)3001096-2 |0 (DE-603)043938620 |
| 650 | 7 | |a Ausstellung |0 (DE-588)4129601-1 |0 (DE-603)085454761 |2 gnd | |
| 650 | 7 | |a Archiv |0 (DE-588)4002859-8 |0 (DE-603)084999330 |2 gnd | |
| 651 | 7 | |a Fulda |0 (DE-588)4018859-0 |0 (DE-603)085044652 |2 gnd | |
| 655 | 7 | |a Ausstellungskatalog |x Vonderau Museum |y 25.09.2025-02.11.2025 |z Fulda |2 gnd-content |0 (DE-588)4135467-9 |0 (DE-603)085499846 | |
| 700 | 1 | |a Verse, Frank |d 1967- |e Herausgeber |4 edt |0 (DE-603)288692594 |0 (DE-588)171936647 |2 gnd | |
| 710 | 2 | |a Vonderau Museum |e Veranstalter |4 orm |0 (DE-603)043938620 |0 (DE-588)3001096-2 |2 gnd | |
| 856 | 4 | 2 | |m X:MVB |q text/html |u https://deposit.dnb.de/cgi-bin/dokserv?id=b9ac51180ab9420cac357c7d085f83ea |3 Inhaltstext |
| 856 | 4 | 2 | |m B:DE-101 |q application/pdf |u https://d-nb.info/1378409973/04 |3 Inhaltsverzeichnis |
| 856 | 4 | 2 | |m X:MVB |q text/html |u https://deposit.dnb.de/cgi-bin/dokserv?id=9c75fdce7ec7421388e62a4d6c1d5d09 |3 Inhaltstext |
| 924 | 0 | |9 66 |a (DE-603)1319882137 |b DE-66 |c HES |d c |g 4o Fuld 42/34/505 (64) |h Magazin | |
| 924 | 0 | |9 66 |a (DE-603)1319882145 |b DE-66 |c HES |d c |g 4o Fuld 42/34/505 a (64) |h Magazin | |
| 924 | 0 | |9 Mb 106 |a (DE-603)1327907941 |b DE-Mb106 |c HES |d c |g AD 100.99 | |
| 924 | 0 | |9 Ful 2 |a (DE-603)132155222X |b DE-Ful2 |c HES |d d |g Ful Bh 9 | |
| 924 | 0 | |9 - |a (DE-603)1332369901 |b DE- |c HES |d d |g / | |